Fish nutrition (Nutritional physiology & Feeding)
The goal of the lectures is to present some basic knowledge on fish nutrition and diet development for fish culture specialists and for candidates who are going to do research in fish nutrition.
Guardat en:
| Autor principal: | |
|---|---|
| Format: | Llibre |
| Idioma: | Undetermined |
| Publicat: |
Vietnam
Cantho university
1995
|
| Matèries: | |
| Etiquetes: |
Afegir etiqueta
Sense etiquetes, Sigues el primer a etiquetar aquest registre!
|
| Thư viện lưu trữ: | Trung tâm Học liệu Trường Đại học Cần Thơ |
|---|
| LEADER | 00741nam a2200205Ia 4500 | ||
|---|---|---|---|
| 001 | CTU_160150 | ||
| 008 | 210402s9999 xx 000 0 und d | ||
| 082 | |a 639.3 | ||
| 082 | |b C958 | ||
| 100 | |a Csengeri, Istvan | ||
| 245 | 0 | |a Fish nutrition (Nutritional physiology & Feeding) | |
| 245 | 0 | |c Prepared by Istvan Csengeri | |
| 260 | |a Vietnam | ||
| 260 | |b Cantho university | ||
| 260 | |c 1995 | ||
| 520 | |a The goal of the lectures is to present some basic knowledge on fish nutrition and diet development for fish culture specialists and for candidates who are going to do research in fish nutrition. | ||
| 650 | |a Fish,Fish culture | ||
| 650 | |x Feeding | ||
| 904 | |i Năm | ||
| 980 | |a Trung tâm Học liệu Trường Đại học Cần Thơ | ||